Most Receiving Yards In Season That Did Not Lead Team - Statistics

General Stats
  • This quiz has been taken 21 times
  • The average score is 9 of 20
Answer Stats
Season Team Yards Player % Correct
2018 PIT 1,297 Antonio Brown
86%
2018 KAN 1,336 Travis Kelce
76%
2020 KAN 1,276 Tyreek Hill
76%
2022 MIA 1,356 Jaylen Waddle
71%
2009 NEP 1,264 Randy Moss
71%
2000 STL 1,471 Isaac Bruce
67%
2004 STL 1,292 Isaac Bruce
67%
2006 IND 1,310 Reggie Wayne
62%
2000 MIN 1,274 Cris Carter
52%
2011 NEP 1,327 Rob Gronkowski
52%
2013 CHI 1,295 Brandon Marshall
48%
2014 DEN 1,404 Emmanuel Sanders
48%
2005 ARI 1,402 Anquan Boldin
33%
1980 SDC 1,290 Kellen Winslow
19%
1984 MIA 1,306 Mark Duper
19%
2014 GBP 1,287 Randall Cobb
19%
2002 PIT 1,325 Plaxico Burress
14%
2000 DEN 1,317 Ed McCaffrey
10%
2013 DEN 1,288 Eric Decker
10%
1995 DET 1,488 Brett Perriman
5%
No matching quizzes found
Score Distribution
Percent of People with Each Score
Percentile by Number Answered
Your Score History
You have not taken this quiz